The use of essential drugs : (Record no. 3518)
[ view plain ]
| 000 -LEADER | |
|---|---|
| fixed length control field | 01260nac a22003011u 4500 |
| 010 ## - LIBRARY OF CONGRESS CONTROL NUMBER | |
| LC control number | 99189545 |
| 020 ## - INTERNATIONAL STANDARD BOOK NUMBER | |
| International Standard Book Number | 9241207965 |
| 035 ## - SYSTEM CONTROL NUMBER | |
| System control number | (DLC) 99189545 |
| 082 00 - DEWEY DECIMAL CLASSIFICATION NUMBER | |
| Classification number | 610 s |
| -- | 615.11 |
| 090 ## - LOCALLY ASSIGNED LC-TYPE CALL NUMBER (OCLC); LOCAL CALL NUMBER (OCLC) | |
| -- | 3518 |
| -- | 3518 |
| 100 ## - MAIN ENTRY--PERSONAL NAME | |
| Personal name | 20080729 |
| 245 04 - TITLE STATEMENT | |
| Title | The use of essential drugs : |
| Remainder of title | Fourth report of the WHO Expert Committee. |
| 246 3# - VARYING FORM OF TITLE | |
| Title proper/short title | Model list of essential drugs |
| 260 ## - PUBLICATION, DISTRIBUTION, ETC. (IMPRINT) | |
| Place of publication, distribution, etc | Geneva : |
| Name of publisher, distributor, etc | World Health Organization, |
| Date of publication, distribution, etc | 1990. |
| 300 ## - PHYSICAL DESCRIPTION | |
| Extent | vi, 77 p. ; |
| Dimensions | 24 cm. |
| 490 1# - Series Statement | |
| Series statement | WHO technical report series, |
| International Standard Serial Number | 0512-3054 ; |
| Volume/sequential designation | 882 |
| 500 ## - GENERAL NOTE | |
| General note | "The WHO Expert Committee on the Use of Essential Drugs met in Geneva from 1 to 5 December 1996"--P. 1. |
| 500 ## - GENERAL NOTE | |
| General note | "Model list of essential drugs (tenth list)": p. 24-25. |
| 500 ## - GENERAL NOTE | |
| General note | Donations |
| 500 ## - GENERAL NOTE | |
| General note | Donations - Bibliotheca Alexandrina. |
| 504 ## - BIBLIOGRAPHY, ETC. NOTE | |
| Bibliography, etc | Includes bibliographical references (p. 73-76). |
| 650 #0 - SUBJECT ADDED ENTRY--TOPICAL TERM | |
| Topical term or geographic name as entry element | Pharmacopoeias. |
| 650 #0 - SUBJECT ADDED ENTRY--TOPICAL TERM | |
| Topical term or geographic name as entry element | Drug utilization. |
| 710 2# - ADDED ENTRY--CORPORATE NAME | |
| Corporate name or jurisdiction name as entry element | WHO Expert Committee on the Use of Essential Drugs. |
| Subordinate unit | Meeting |
| 830 #0 - SERIES ADDED ENTRY--UNIFORM TITLE | |
| Uniform title | Technical report series (World Health Organization) ; |
| 942 ## - ADDED ENTRY ELEMENTS (KOHA) | |
| Item type | Book - Borrowing |
| Call number prefix | 615.11 |
| Withdrawn status | Item status | Source of classification or shelving scheme | Damaged status | Not for loan | Home library | Current library | Shelving location | Date acquired | Source of acquisition | Total Checkouts | Full call number | Barcode | Date last seen | Date last borrowed | Koha item type |
|---|---|---|---|---|---|---|---|---|---|---|---|---|---|---|---|
| Dewey Decimal Classification | Central Library | Central Library | First floor | 22/04/2007 | Purchase | 1 | 615.11 USE | 000044543 | 15/07/2025 | 10/12/2013 | Book - Borrowing |